Datum a čas kvízu
26
Celkem bodů
Celkový počet nahraných bodů na tomto kvízu bez doplňovacích otázek.
13.
Pořadí na kvízu
Konečné umístění týmu na tomto kvízu.
Zaznamenané odpovědi
| # | Otázka | Odpověď | Body | Výsledky |
|---|---|---|---|---|
| 1. | Velmi netradiční problém musel... | bobr | 0 | |
| 2. | Překvapení minulý týden neskrý... | policie | 0 | |
| 3. | Pořadatelé filmového festivalu... | George Lucas | 0 | |
| 4. | Andrej Babiš se na sociálních... | Věra Jourová | 1 | |
| 5. | Francouzská parkouristka Anouk... | šplh na laně | 1 | |
| 6. | V pěti otázkách tohoto tématu... | kámen | 0 | |
| 7. | Jaká je denní dávka kuchyňské... | B | 1 | |
| 8. | Jak se nazývá původem japonská... | C) gomasio | 1 | |
| 9. | Nejen lidé, ale i zvířata potř... | liz | 1 | |
| 10. | Chcete-li si užít blahodárného... | D) Bad Ischl | 1 |